Normal view MARC view
  • Malaysia, Jabatan Perkhidmatan Awam

Entry Topical Term

Number of records used in: 1

001 - CONTROL NUMBER

  • control field: 4245

003 - CONTROL NUMBER IDENTIFIER

  • control field: OSt

005 - DATE AND TIME OF LATEST TRANSACTION

  • control field: 20170515104640.0

008 - FIXED-LENGTH DATA ELEMENTS

  • fixed length control field: 170515|| aca||aabn | a|a d

040 ## - CATALOGING SOURCE

  • Original cataloging agency: OSt
  • Transcribing agency: OSt

150 ## - HEADING--TOPICAL TERM

  • Topical term or geographic name entry element: Malaysia, Jabatan Perkhidmatan Awam
  • General subdivision: Officials and employees
  • General subdivision: Biography

670 ## - SOURCE DATA FOUND

  • Source citation: Work cat.: (OSt)0: Mahmud bin Taib, Tan Sri Dato' 4243, Imbasan KPPA /, 1995
Pusat Sumber Maklumat Dato' Haji Sarmin Md Hussin, Akademi Kastam Diraja Malaysia, Melaka
Tel: 06-2331106 | Faks: 06-2313787